| 000 | 00514nam a22001697a 4500 | ||
|---|---|---|---|
| 005 | 20240327140706.0 | ||
| 008 | 240327b |||||||| |||| 00| 0 eng d | ||
| 020 | _a9781492075899 | ||
| 082 |
_a004.33 _bURQ-F |
||
| 100 | _aUrquhart, James | ||
| 245 |
_aFlow architectures : _bThe future of streaming and event-driven integration / _cJames Urquhart |
||
| 260 |
_aUSA: _bOreilly; _c2021. |
||
| 300 |
_axxiv, 226 p. : _bill; _c23 cm. |
||
| 500 | _ainclude index. | ||
| 650 | _acomputer science/Database | ||
| 999 |
_c35492 _d35492 |
||